| 000 | 03594cam a2200457 i 4500 | ||
|---|---|---|---|
| 001 | on1437529211 | ||
| 003 | OCoLC | ||
| 005 | 20250505142554.0 | ||
| 008 | 240610t20242024utuj 000 1 eng | ||
| 010 | _a 2024022930 | ||
| 020 |
_a9781639933037 _q(trade paperback) |
||
| 020 |
_a1639933034 _q(trade paperback) |
||
| 020 |
_z9781649333087 _q(ebook) |
||
| 024 | 1 | _a783027933031 | |
| 035 |
_a(OCoLC)1437529211 _z(OCoLC)1465415330 _z(OCoLC)1479462488 |
||
| 040 |
_aUPB/DLC _beng _erda _cDLC _dOCLCO _dIG# _dOJ4 _dOCLCO _dIUK _dSO$ _dUBY _dDUD |
||
| 042 | _apcc | ||
| 050 | 0 | 0 |
_aPS3620.U37 _bL33 2025 |
| 082 | 0 | 0 |
_a813/.6 _223/eng/20240612 |
| 084 |
_aFIC027070 _aFIC027270 _2bisacsh |
||
| 090 |
_aBX8688.3 _b.T816La 2024 |
||
| 092 |
_alds fiction _bTuft, Karen |
||
| 100 | 1 |
_aTuft, Karen, _eauthor. _95706571 |
|
| 245 | 1 | 0 |
_aLady Anna's favor / _cKaren Tuft. |
| 264 | 1 |
_a[Salt Lake City] : _bShadow Mountain Publishing, _c[2024] |
|
| 264 | 4 | _c©2024 | |
| 300 |
_a260 pages : _bgenealogical table ; _c21 cm |
||
| 336 | _atext | ||
| 337 | _aunmediated | ||
| 338 | _avolume | ||
| 490 | 1 | _aProper romance | |
| 500 | _aIncludes discussion questions. | ||
| 520 | _a"London, England, 1814 Lady Anna Clifton will stop at nothing to find her missing brother-even if it means working alongside the dashingly handsome but sometimes infuriating Mr. Jennings, who just might steal her heart. Lady Anna Clifton has arrived in London with a purpose known only to a few. Her soldier brother has been reported wounded and missing in France, and if he is dead, his title and their family's estate will go to a horrible distant cousin, and Lady Anna will be homeless. Desperate to find her brother alive, she contacts old family friends, the Bledsoes, who vow to help her in any way they can. However, Lord Bledsoe's efforts come up empty, except from the Duke of Aylesham, who offers his yacht to carry her to France when Anna decides she must look for her brother there herself. James cannot board the Duke of Aylesham's yacht to take him to France fast enough. After his sister's rushed marriage to the duke himself, James wants nothing more than to enjoy a relaxing journey back to Paris before rejoining England's diplomatic war efforts against Napoleon. When he boards the ship, he cannot deny his instant attraction to the strikingly beautiful young woman who will be joining him across the sea. But when he receives only a cold reception from her, James dismisses her outright--until he learns the tragic reason she has set out on such a perilous journey. As infuriating as Lady Anna's brash behavior and indifference to him is, her search seems much too dangerous for a young lady of the ton to undertake alone, so James reluctantly offers to assist her in her quest. Together, they embark on a search that will take them across the sea and through France to uncover the truth all while trying to reconcile their differences and the preconceived notions they have about each other. With every step, they come closer to solving the mystery surrounding Lady Anna's brother's disappearance--but each step also pushes their hearts closer together. "-- | ||
| 583 |
_acat _bAME LEE pcc _c20241217 _kklc _5UPB |
||
| 650 | 0 |
_aMissing persons _vFiction. |
|
| 650 | 0 |
_aMan-woman relationships _vFiction. _95674079 |
|
| 655 | 7 |
_aRomance fiction. _2lcgft |
|
| 776 | 0 | 8 |
_iOnline version: _aTuft, Karen. _tLady Anna's favor _d[Salt Lake City] : Shadow Mountain, [2025] _z9781649333087 _w(DLC) 2024022931 |
| 830 | 0 |
_aProper romance. _95675977 |
|
| 942 |
_2ddc _cBOOK |
||
| 999 |
_c403613 _d403613 |
||